00751nam a2200193 a 450000100100000000500170001000800410002702000150006804000250008308200150010810000260012324501380014926000440028730000430033149000390037450000730041350400320048683000390051800004168620201002035713.0131015s1998 sp 000 0 spa d z8489796390 aDO-SdBNPbspacBNPHU axxxbM238P1 aPimentel, Juand1962-13aLa física de la monarquía :bciencia y política en el pensamiento colonial de Alejandro Malaspina (1754-1810) /cJuan Pimentel. aAranjuez, Madrid :bDoce calles,c1998. a437 p. :bil., mapas, retrs. ;c25 cm.1 aTheatrum naturaeahistoria natural aIncluye referencias bibliográficas y notas al pie de las páginas aBibliografía : p. 404-419 0aTheatrum naturaephistoria natural